[Event "Bucaramanga Feria op 2nd"]
[Site "Bucaramanga"]
[Date "2013.09.21"]
[Round "3"]
[White "Martinez, Juan Cristobal"]
[Black "Munoz Carreno, Louigui"]
[Result "0-1"]
[WhiteElo "1836"]
[BlackElo "1605"]
[PlyCount "98"]
[EventDate "2013.09.20"]
[EventType "swiss"]
[EventRounds "7"]
[EventCountry "COL"]
[SourceTitle "CBM 156 Extra"]
[Source "ChessBase"]
[SourceDate "2013.10.22"]
[SourceVersion "1"]
[SourceVersionDate "2013.10.22"]
[SourceQuality "1"]

1. e4 e5 2. Nf3 Nc6 3. d4 exd4 4. Nxd4 Bc5 5. Be3 Qf6 6. c3 b6 7. b4 Nxb4 8. cxb4 Bxb4+ 9. Nd2 c5 10. N4b3 Ne7 11. Be2 0-0 12. 0-0 Bb7 13. Bf3 d5 14. exd5 Nxd5 15. Ne4 Qg6 16. Bd2 Bxd2 17. Qxd2 Rad8 18. Qb2 Nf4 19. Nf6+ gxf6 20. Bxb7 Rfe8 21. Rad1 Rxd1 22. Rxd1 Re2 23. Qc3 Rxa2 24. Qe3 Qc2 25. Qg3+ Ng6 26. Rd8+ Kg7 27. h4 Ra3 28. Bd5 Qf5 29. Qc7 Ne5 30. Qc8 Qxc8 31. Rxc8 Ra4 32. Rc7 Rxh4 33. Rxa7 c4 34. g3 Rg4 35. Na1 Rd4 36. Bg2 Rd1+ 37. Kh2 Ng4+ 38. Kh3 Nxf2+ 39. Kh4 Rd4+ 40. Kh5 Rd3 41. g4 Nh3 42. Bf1 Nf4+ 43. Kh4 Ng6+ 44. Kh5 Rd1 45. Bh3 Rh1 46. Ra3 Nf4+ 47. Kh4 Nxh3 48. Rxh3 Rxa1 49. Rc3 b5 0-1